|
|
|
|
| LEADER |
01992nam a2200433 a 4500 |
| 001 |
EBC1362028 |
| 003 |
MiAaPQ |
| 005 |
20200520144314.0 |
| 006 |
m o d | |
| 007 |
cr cn||||||||| |
| 008 |
130404s2013 mnu sb 001 0 eng d |
| 010 |
|
|
|z 2013010519
|
| 020 |
|
|
|z 9780816677849 (hc : alk. paper)
|
| 020 |
|
|
|z 9780816677856 (pb : alk. paper)
|
| 020 |
|
|
|a 9780816685936 (electronic bk.)
|
| 035 |
|
|
|a (MiAaPQ)EBC1362028
|
| 035 |
|
|
|a (Au-PeEL)EBL1362028
|
| 035 |
|
|
|a (CaPaEBR)ebr10753690
|
| 035 |
|
|
|a (CaONFJC)MIL522846
|
| 035 |
|
|
|a (OCoLC)857365209
|
| 040 |
|
|
|a MiAaPQ
|c MiAaPQ
|d MiAaPQ
|
| 043 |
|
|
|a n-us---
|
| 050 |
|
4 |
|a HD9565
|b .H83 2013
|
| 082 |
0 |
4 |
|a 338.2/72820973
|2 23
|
| 100 |
1 |
|
|a Huber, Matthew T.
|
| 245 |
1 |
0 |
|a Lifeblood
|h [electronic resource] :
|b oil, freedom, and the forces of capital /
|c Matthew T. Huber.
|
| 260 |
|
|
|a Minneapolis :
|b University of Minnesota Press,
|c 2013.
|
| 300 |
|
|
|a xxi, 253 p.
|
| 440 |
|
0 |
|a Quadrant book
|
| 504 |
|
|
|a Includes bibliographical references and index.
|
| 505 |
0 |
|
|a The power of oil? energy, machines, and the forces of capital -- Refueling capitalism : depression, oil, and the making of "the American way of life" -- Fractionated lives : refineries and the ecology of entrepreneurial life -- Shocked! "energy crisis," neoliberalism, and the construction of an apolitical economy -- Pain at the pump : gas prices, life, and death under neoliberalism -- Conclusion : energizing freedom.
|
| 533 |
|
|
|a Electronic reproduction. Ann Arbor, MI : ProQuest, 2015. Available via World Wide Web. Access may be limited to ProQuest affiliated libraries.
|
| 650 |
|
0 |
|a Petroleum industry and trade
|z United States.
|
| 650 |
|
0 |
|a Energy policy
|z United States.
|
| 650 |
|
0 |
|a Capitalism
|z United States.
|
| 650 |
|
0 |
|a Free enterprise
|z United States.
|
| 655 |
|
4 |
|a Electronic books.
|
| 710 |
2 |
|
|a ProQuest (Firm)
|
| 856 |
4 |
0 |
|u https://ebookcentral.proquest.com/lib/matrademy/detail.action?docID=1362028
|z Click to View
|